Loss in the time of cholera: long-run impact of a disease epidemic on the urban landscape (Record no. 514214)

000 -LEADER
fixed length control field 01329nam a22001577a 4500
008 - FIXED-LENGTH DATA ELEMENTS--GENERAL INFORMATION
fixed length control field 201014b ||||| |||| 00| 0 eng d
100 ## - MAIN ENTRY--PERSONAL NAME
Personal name Ambrus, Attila, Field, Erica and Gonzalez Robert
245 ## - TITLE STATEMENT
Title Loss in the time of cholera: long-run impact of a disease epidemic on the urban landscape
260 ## - PUBLICATION, DISTRIBUTION, ETC. (IMPRINT)
Place of publication, distribution, etc The American Economic Review
300 ## - PHYSICAL DESCRIPTION
Extent 110(2), Feb, 2020: p.475-525
520 ## - SUMMARY, ETC.
Summary, etc How do geographically concentrated income shocks influence the long-run spatial distribution of poverty within a city? We examine the impact on housing prices of a cholera epidemic in one neighborhood of nineteenth century London. Ten years after the epidemic, housing prices are significantly lower just inside the catchment area of the water pump that transmitted the disease. Moreover, differences in housing prices persist over the following 160 years. We make sense of these patterns by building a model of a rental market with frictions in which poor tenants exert a negative externality on their neighbors. This showcases how a locally concentrated income shock can persistently change the tenant composition of a block. – Reproduced


650 ## - SUBJECT ADDED ENTRY--TOPICAL TERM
Topical term or geographic name as entry element Economic development, Transportation, Housing supply and markets
9 (RLIN) 18632
773 ## - HOST ITEM ENTRY
Main entry heading The American Economic Review
906 ## - LOCAL DATA ELEMENT F, LDF (RLIN)
Subject DIP HOUSING
942 ## - ADDED ENTRY ELEMENTS (KOHA)
Item type Articles
Holdings
Withdrawn status Lost status Source of classification or shelving scheme Damaged status Not for loan Permanent location Current location Date acquired Serial Enumeration / chronology Barcode Date last seen Koha item type
          Indian Institute of Public Administration Indian Institute of Public Administration 2020-10-14 110(2), Feb, 2020: p.475-525 AR123244 2020-10-14 Articles

Powered by Koha